| 000 | 00900nam a2200253 a 4500 | ||
|---|---|---|---|
| 001 | 72441 | ||
| 003 | BD-RjUL | ||
| 005 | 20211209082248.0 | ||
| 008 | 170518s2004 ii ab b 10000 eng d | ||
| 020 | _a817319579X | ||
| 035 | _a(BD-RjUL) 72659 | ||
| 040 |
_beng _aBD-RjUL _cBD-RjUL _dBD-RjUL |
||
| 041 | _aeng | ||
| 082 |
_223 _a581 _bPLA 2004 |
||
| 111 | 2 |
_aInternational Symposium on Tropical Agriculture Research _n(27th : _d1993 : _cTsukuba, Japan) _9159689 |
|
| 245 | 1 | 0 |
_aPlant Genetic Resource Management / _beditors by B S Dhillon [et...al] |
| 260 |
_akolkata : _bNarosa publishing House, _cc2004. |
||
| 300 |
_avi, 434 p. : _bill. ; _c30 cm. |
||
| 504 | _aIncludes bibliographical references. | ||
| 650 | 0 |
_aNatural history of Plants _9159690 |
|
| 650 | 0 |
_aGermplasm resources, Plant _zSoutheast Asia _xCongresses. _9159691 |
|
| 700 |
_aeditors by Dhillon, B S _9214254 |
||
| 942 |
_2ddc _cBK |
||
| 999 |
_c72441 _d72441 |
||